[Event "Rheinland Pfalz-ch Blitz"]
[Site "Landau"]
[Date "2024.05.05"]
[Round "28"]
[White "Carow, Johannes"]
[Black "Commercon, Simon"]
[Result "1/2-1/2"]
[WhiteElo "2507"]
[BlackElo "2230"]
[PlyCount "21"]
[EventDate "2024.05.05"]
[EventType "tourn (blitz)"]
[EventRounds "29"]
[EventCountry "GER"]
[SourceTitle "CB20_2024"]
[SourceDate "2024.05.16"]
[SourceVersion "1"]
[SourceVersionDate "2024.05.16"]
[SourceQuality "1"]

1. d4 Nf6 2. c4 e6 3. Nc3 d5 4. cxd5 Nxd5 5. Nf3 Nxc3 6. bxc3 c5 7. e3 Nc6 8. Bd3 Be7 9. 0-0 0-0 10. Qe2 b6 11. Rd1 1/2-1/2

[Event "Rheinland Pfalz-ch Blitz"]
[Site "Landau"]
[Date "2024.05.05"]
[Round "9"]
[White "Carow, Johannes"]
[Black "Gauer, Manuel"]
[Result "1-0"]
[WhiteElo "2507"]
[BlackElo "1972"]
[PlyCount "39"]
[EventDate "2024.05.05"]
[EventType "tourn (blitz)"]
[EventRounds "29"]
[EventCountry "GER"]
[SourceTitle "CB20_2024"]
[SourceDate "2024.05.16"]
[SourceVersion "1"]
[SourceVersionDate "2024.05.16"]
[SourceQuality "1"]

1. c4 Nf6 2. Nc3 c5 3. Nf3 Nc6 4. g3 g6 5. Bg2 Bg7 6. d4 cxd4 7. Nxd4 0-0 8. 0-0 a6 9. Nc2 d6 10. b3 Ne4 11. Nxe4 Bxa1 12. Nxa1 Bd7 13. a4 b5 14. axb5 axb5 15. cxb5 Rxa1 16. bxc6 Bxc6 17. Qd4 Qa8 18. Nf6+ exf6 19. Bxc6 Qxc6 20. Qxa1 1-0

[Event "Rheinland Pfalz-ch Blitz"]
[Site "Landau"]
[Date "2024.05.05"]
[Round "1"]
[White "Carow, Johannes"]
[Black "Hinrichs, Paul"]
[Result "1-0"]
[WhiteElo "2507"]
[BlackElo "2245"]
[PlyCount "53"]
[EventDate "2024.05.05"]
[EventType "tourn (blitz)"]
[EventRounds "29"]
[EventCountry "GER"]
[SourceTitle "CB20_2024"]
[SourceDate "2024.05.16"]
[SourceVersion "1"]
[SourceVersionDate "2024.05.16"]
[SourceQuality "1"]

1. d4 d5 2. c4 c6 3. Nc3 Nf6 4. e3 e6 5. Nf3 Nbd7 6. Qc2 Bd6 7. Bd3 0-0 8. 0-0 dxc4 9. Bxc4 b5 10. Be2 Bb7 11. a3 a5 12. Rd1 Qb8 13. e4 e5 14. dxe5 Nxe5 15. Nd4 Ng6 16. g3 Re8 17. Be3 b4 18. Nf5 Bf8 19. Na4 Nxe4 20. Nb6 Ra6 21. Nd7 Qc8 22. f3 Nf6 23. Nh6+ gxh6 24. Nxf6+ Kh8 25. Nxe8 Qxe8 26. Bd4+ Bg7 27. Bxa6 1-0

[Event "Rheinland Pfalz-ch Blitz"]
[Site "Landau"]
[Date "2024.05.05"]
[Round "26"]
[White "Carow, Johannes"]
[Black "Lenz, Joshua"]
[Result "1-0"]
[WhiteElo "2507"]
[BlackElo "1848"]
[PlyCount "51"]
[EventDate "2024.05.05"]
[EventType "tourn (blitz)"]
[EventRounds "29"]
[EventCountry "GER"]
[SourceTitle "CB20_2024"]
[SourceDate "2024.05.16"]
[SourceVersion "1"]
[SourceVersionDate "2024.05.16"]
[SourceQuality "1"]

1. d4 d5 2. c4 e5 3. dxe5 Ne7 4. Nf3 Nbc6 5. Bg5 d4 6. e3 dxe3 7. Qxd8+ Kxd8 8. Bxe3 Ng6 9. Nc3 Ncxe5 10. 0-0-0+ Ke8 11. Nb5 Bd6 12. Rxd6 cxd6 13. Nc7+ Kd7 14. Nxa8 b6 15. Nxb6+ axb6 16. Nxe5+ Nxe5 17. Bxb6 Bb7 18. b3 Re8 19. Kd2 Kc6 20. Bd4 f6 21. f3 Nd7 22. Bd3 h6 23. a4 Ra8 24. Re1 Ne5 25. Bc2 Bc8 26. Be4+ 1-0

[Event "Rheinland Pfalz-ch Blitz"]
[Site "Landau"]
[Date "2024.05.05"]
[Round "15"]
[White "Roth, Jonas"]
[Black "Carow, Johannes"]
[Result "0-1"]
[WhiteElo "1766"]
[BlackElo "2507"]
[PlyCount "48"]
[EventDate "2024.05.05"]
[EventType "tourn (blitz)"]
[EventRounds "29"]
[EventCountry "GER"]
[SourceTitle "CB20_2024"]
[SourceDate "2024.05.16"]
[SourceVersion "1"]
[SourceVersionDate "2024.05.16"]
[SourceQuality "1"]

1. d4 Nf6 2. Nf3 g6 3. Bf4 Bg7 4. e3 0-0 5. c3 d6 6. Bd3 c5 7. h4 Qb6 8. Qc2 Bg4 9. Nh2 Bd7 10. Nf3 Nh5 11. Bg5 h6 12. Bf4 Nxf4 13. exf4 cxd4 14. h5 dxc3 15. Nxc3 gxh5 16. Rxh5 Nc6 17. Bh7+ Kh8 18. Bg8 Kxg8 19. Ng5 f5 20. Nf3 e6 21. 0-0-0 Nb4 22. Qd2 Rac8 23. Qxd6 Nxa2+ 24. Kb1 Nxc3+ 0-1

[Event "Titled Tuesday intern op 09th Jan Early"]
[Site "Chess.com INT"]
[Date "2024.01.09"]
[Round "3"]
[White "Carow, Johannes"]
[Black "Donchenko, Alexander"]
[Result "0-1"]
[WhiteElo "2449"]
[BlackElo "2643"]
[PlyCount "64"]
[EventDate "2024.01.09"]
[EventType "swiss (blitz)"]
[EventRounds "11"]
[EventCountry "USA"]
[SourceTitle "CB03_2024"]
[SourceDate "2024.01.17"]
[SourceVersion "1"]
[SourceVersionDate "2024.01.17"]
[SourceQuality "1"]

1. d4 Nf6 2. c4 e6 3. Nc3 Bb4 4. Qc2 d5 5. a3 Bxc3+ 6. Qxc3 0-0 7. cxd5 Ne4 8. Qc2 exd5 9. Bf4 Nc6 10. e3 Re8 11. Nf3 Bg4 12. Bb5 Bxf3 13. gxf3 Nxd4 14. exd4 c6 15. fxe4 Rxe4+ 16. Be3 cxb5 17. Rc1 h6 18. 0-0 Qh4 19. Kh1 Qh3 20. Rg1 Rh4 21. Rg2 Re8 22. Rcg1 Kh8 23. Qc7 Qf5 24. Qg3 g5 25. Rc1 Rh3 26. Qd6 Qf3 27. Kg1 Rxe3 28. Qf8+ Kh7 29. fxe3 Qxe3+ 30. Rf2 Rf3 31. Rcf1 Qxd4 32. Qc8 g4 0-1

[Event "Titled Tuesday intern op 09th Jan Early"]
[Site "Chess.com INT"]
[Date "2024.01.09"]
[Round "7"]
[White "Carow, Johannes"]
[Black "Drozdowski, Kacper"]
[Result "0-1"]
[WhiteElo "2449"]
[BlackElo "2448"]
[PlyCount "64"]
[EventDate "2024.01.09"]
[EventType "swiss (blitz)"]
[EventRounds "11"]
[EventCountry "USA"]
[SourceTitle "CB03_2024"]
[SourceDate "2024.01.17"]
[SourceVersion "1"]
[SourceVersionDate "2024.01.17"]
[SourceQuality "1"]

1. d4 Nf6 2. Nf3 e6 3. g3 c5 4. Bg2 Nc6 5. 0-0 cxd4 6. Nxd4 Bc5 7. Nb3 Be7 8. c4 0-0 9. Nc3 b6 10. Nb5 Ba6 11. N3d4 Bb7 12. Bf4 a6 13. Nd6 Bxd6 14. Bxd6 Re8 15. Nb3 Qc8 16. e4 e5 17. f3 a5 18. Rc1 a4 19. Nd2 Nd4 20. f4 exf4 21. e5 Bxg2 22. Kxg2 Qc6+ 23. Kh3 h5 24. Rxf4 Ng4 25. Rxg4 hxg4+ 26. Qxg4 Re6 27. Ne4 Rh6+ 28. Kg2 Rg6 29. Qh4 Nf5 30. Qf4 Nxd6 31. exd6 Re8 32. Re1 Rge6 0-1

[Event "BL2-Sued 2223"]
[Site "Germany"]
[Date "2022.11.27"]
[Round "4.2"]
[White "Carow, Johannes"]
[Black "Bellahcene, Bilel"]
[Result "1/2-1/2"]
[WhiteElo "2446"]
[BlackElo "2484"]
[PlyCount "42"]
[EventDate "2022.10.22"]
[EventType "team-tourn"]
[EventRounds "9"]
[EventCountry "GER"]
[SourceTitle "EXT 2024"]
[Source "ChessBase"]
[SourceDate "2023.10.10"]
[SourceVersion "1"]
[SourceVersionDate "2023.10.10"]
[SourceQuality "1"]
[WhiteTeam "Heidesheim"]
[BlackTeam "Baden-Baden II"]
[WhiteTeamCountry "GER"]
[BlackTeamCountry "GER"]

1. d4 Nf6 2. c4 e6 3. Nc3 Bb4 4. Qc2 b6 5. a3 Bxc3+ 6. Qxc3 Bb7 7. f3 d5 8. Bg5 0-0 9. e3 Nbd7 10. cxd5 exd5 11. Bd3 Re8 12. Ne2 h6 13. Bh4 Qe7 14. Bf2 c5 15. 0-0 a5 16. Rfe1 Ba6 17. Bxa6 Rxa6 18. Ng3 Qf8 19. e4 dxe4 20. dxc5 Nxc5 21. Bxc5 Qxc5+ 1/2-1/2

[Event "BL2-Sued 2223"]
[Site "Germany"]
[Date "2022.11.26"]
[Round "3.2"]
[White "Van den Doel, Erik"]
[Black "Carow, Johannes"]
[Result "1-0"]
[WhiteElo "2577"]
[BlackElo "2446"]
[PlyCount "85"]
[EventDate "2022.10.22"]
[EventType "team-tourn"]
[EventRounds "9"]
[EventCountry "GER"]
[SourceTitle "EXT 2024"]
[Source "ChessBase"]
[SourceDate "2023.10.10"]
[SourceVersion "1"]
[SourceVersionDate "2023.10.10"]
[SourceQuality "1"]
[WhiteTeam "Oetigheim"]
[BlackTeam "Heidesheim"]
[WhiteTeamCountry "GER"]
[BlackTeamCountry "GER"]

1. d4 d5 2. Nf3 Nf6 3. Bf4 c5 4. e3 Nc6 5. Nbd2 Qb6 6. dxc5 Qxb2 7. Rb1 Qc3 8. Bb5 e6 9. 0-0 Be7 10. e4 0-0 11. e5 Nd7 12. Nb3 Qb4 13. Nbd4 Qxc5 14. Re1 Na5 15. Bd3 Nc4 16. h4 Qc7 17. Ng5 h6 18. Ngxe6 fxe6 19. Nxe6 Qc6 20. Qg4 Rf7 21. Bg6 Nf8 22. Bxf7+ Kxf7 23. Qxg7+ Kxe6 24. Bxh6 Kd7 25. Bg5 Qe6 26. Rb3 Ng6 27. f4 Kc6 28. f5 Qxf5 29. Bxe7 Ngxe5 30. Rf1 Qg4 31. Bg5 Bd7 32. Qh6+ Kc7 33. Qg7 Re8 34. Rg3 Qe4 35. h5 Ng4 36. h6 Nce3 37. h7 Nf5 38. Qc3+ Bc6 39. Bf4+ Kd7 40. Rxg4 Nd4 41. Rg7+ Kd8 42. Qa5+ b6 43. Bg5+ 1-0

[Event "BL2-Sued 2223"]
[Site "Germany"]
[Date "2022.11.25"]
[Round "6.2"]
[White "Baenziger, Fabian"]
[Black "Carow, Johannes"]
[Result "1/2-1/2"]
[WhiteElo "2439"]
[BlackElo "2446"]
[PlyCount "46"]
[EventDate "2022.10.22"]
[EventType "team-tourn"]
[EventRounds "9"]
[EventCountry "GER"]
[SourceTitle "EXT 2024"]
[Source "ChessBase"]
[SourceDate "2023.10.10"]
[SourceVersion "1"]
[SourceVersionDate "2023.10.10"]
[SourceQuality "1"]
[WhiteTeam "Heilbronn"]
[BlackTeam "Heidesheim"]
[WhiteTeamCountry "GER"]
[BlackTeamCountry "GER"]

1. d4 d5 2. c4 dxc4 3. Nf3 Nf6 4. e3 e6 5. Bxc4 a6 6. 0-0 b5 7. Be2 Bb7 8. a4 b4 9. b3 Nbd7 10. Bb2 c5 11. Nbd2 Be7 12. Nc4 0-0 13. Rc1 Bd5 14. Nfe5 cxd4 15. Bxd4 Rc8 16. Qc2 Nxe5 17. Bxe5 Nd7 18. Bd4 Bf6 19. Qb2 Bxd4 20. Qxd4 Nc5 21. Nd2 Qa5 22. Nc4 Qc7 23. Nd2 Qa5 1/2-1/2

[Event "Oberliga Sued W 2122"]
[Site "Germany"]
[Date "2022.04.03"]
[Round "8.1"]
[White "Boguslawski, Oleg"]
[Black "Carow, Johannes"]
[Result "1-0"]
[WhiteElo "2379"]
[BlackElo "2440"]
[PlyCount "39"]
[EventDate "2021.10.24"]
[EventType "team-tourn"]
[EventRounds "9"]
[EventCountry "GER"]
[SourceTitle "EXT 2023"]
[Source "ChessBase"]
[SourceDate "2022.10.05"]
[SourceVersion "1"]
[SourceVersionDate "2022.10.05"]
[SourceQuality "1"]
[WhiteTeam "Speyer Schwegenheim II"]
[BlackTeam "Heidesheim"]
[WhiteTeamCountry "GER"]
[BlackTeamCountry "GER"]

1. e4 c5 2. Nf3 e6 3. d4 cxd4 4. Nxd4 a6 5. Bd3 Bc5 6. Nb3 Be7 7. Nc3 Nc6 8. Qe2 d6 9. Be3 Nf6 10. 0-0-0 b5 11. g4 Ne5 12. f4 Nfxg4 13. Bd4 Ng6 14. e5 f5 15. exf6 Nxf6 16. Bxg6+ hxg6 17. Qg2 Rb8 18. Qxg6+ Kf8 19. Rhg1 Rg8 20. Ne4 1-0

[Event "GER-ch Net blitz sf"]
[Site "Playchess.com INT"]
[Date "2021.06.05"]
[Round "10"]
[White "Carow, Johannes"]
[Black "Braun, Christian1111"]
[Result "0-1"]
[WhiteElo "2431"]
[BlackElo "2323"]
[PlyCount "120"]
[EventDate "2021.06.05"]
[EventType "swiss (blitz)"]
[EventRounds "13"]
[EventCountry "GER"]
[SourceTitle "EXT 2023"]
[Source "ChessBase"]
[SourceDate "2022.10.05"]
[SourceVersion "1"]
[SourceVersionDate "2022.10.05"]
[SourceQuality "1"]

1. c4 c5 2. Nf3 g6 3. d4 cxd4 4. Nxd4 Bg7 5. e4 d6 6. Nc3 Nc6 7. Be3 Nf6 8. Be2 0-0 9. 0-0 Nxd4 10. Bxd4 Bd7 11. Qd3 Bc6 12. b4 b6 13. f4 e5 14. fxe5 dxe5 15. Bxe5 Qxd3 16. Bxd3 Rad8 17. Bxf6 Bxf6 18. Rxf6 Rxd3 19. Rxc6 Rxc3 20. Rc7 Rc2 21. Rd1 Re8 22. Rd4 Rxa2 23. h3 a5 24. b5 Rc2 25. Rb7 a4 26. Rxb6 a3 27. Ra6 a2 28. Kh2 Re5 29. h4 Re6 30. Rd8+ Kg7 31. Rda8 Rxe4 32. Rxa2 Rxh4+ 33. Kg3 Rhxc4 34. Rxc2 Rxc2 35. Rb8 Rb2 36. Kf3 h5 37. g3 Kf6 38. Kf4 Rb4+ 39. Kf3 Kg5 40. Rf8 f5 41. Rb8 Rb3+ 42. Kf2 Kg4 43. b6 Rb2+ 44. Ke3 Kxg3 45. b7 f4+ 46. Kd3 g5 47. Rg8 Rxb7 48. Rxg5+ Kf3 49. Rxh5 Rd7+ 50. Kc2 Kg3 51. Rg5+ Kf2 52. Rg8 f3 53. Rg6 Ke2 54. Re6+ Kf1 55. Kc3 f2 56. Rg6 Rd5 57. Kc4 Rd1 58. Kc3 Ke2 59. Re6+ Kf3 60. Rf6+ Kg3 0-1

[Event "GER-ch Net blitz sf"]
[Site "Playchess.com INT"]
[Date "2021.06.05"]
[Round "2"]
[White "Carow, Johannes"]
[Black "Seul, Georg"]
[Result "0-1"]
[WhiteElo "2431"]
[BlackElo "2121"]
[PlyCount "80"]
[EventDate "2021.06.05"]
[EventType "swiss (blitz)"]
[EventRounds "13"]
[EventCountry "GER"]
[SourceTitle "EXT 2023"]
[Source "ChessBase"]
[SourceDate "2022.10.05"]
[SourceVersion "1"]
[SourceVersionDate "2022.10.05"]
[SourceQuality "1"]

1. d4 Nf6 2. c4 e6 3. Nc3 Bb4 4. Qc2 d6 5. Bg5 Nbd7 6. e4 e5 7. Nf3 h6 8. Bd2 0-0 9. Be2 c6 10. a3 Bxc3 11. Bxc3 Qe7 12. d5 cxd5 13. cxd5 Nc5 14. Nd2 a5 15. b4 axb4 16. axb4 Rxa1+ 17. Bxa1 Na6 18. Qb3 Nh7 19. 0-0 f5 20. Rc1 fxe4 21. b5 Nc5 22. Rxc5 Qf7 23. Nxe4 dxc5 24. Bc4 Kh8 25. f3 Nf6 26. Nxc5 Qg6 27. Bd3 Bf5 28. Bf1 e4 29. f4 Rd8 30. Bc4 b6 31. Na4 e3 32. Be5 Be4 33. g3 Bxd5 34. Nxb6 Bxc4 35. Nxc4 Qe4 36. Nxe3 Rd2 37. Bxf6 gxf6 38. b6 Qf3 39. Nf1 Qf2+ 40. Kh1 Qg2# 0-1

[Event "GER-ch Net blitz sf"]
[Site "Playchess.com INT"]
[Date "2021.06.05"]
[Round "3"]
[White "Klundt, Klaus"]
[Black "Carow, Johannes"]
[Result "0-1"]
[WhiteElo "2006"]
[BlackElo "2431"]
[PlyCount "78"]
[EventDate "2021.06.05"]
[EventType "swiss (blitz)"]
[EventRounds "13"]
[EventCountry "GER"]
[SourceTitle "EXT 2023"]
[Source "ChessBase"]
[SourceDate "2022.10.05"]
[SourceVersion "1"]
[SourceVersionDate "2022.10.05"]
[SourceQuality "1"]

1. e4 c5 2. Nf3 e6 3. d4 cxd4 4. Nxd4 a6 5. Bd3 Bc5 6. Nb3 Be7 7. 0-0 Nc6 8. Qe2 d6 9. Nc3 b5 10. Rd1 Nf6 11. Bg5 0-0 12. f4 Qc7 13. Kh1 b4 14. Nb1 a5 15. a3 a4 16. axb4 Nxb4 17. Nc3 Bd7 18. Nd4 Nxd3 19. cxd3 Qb6 20. Nf3 Bd8 21. e5 Ng4 22. d4 dxe5 23. fxe5 Bc6 24. Bf4 f6 25. exf6 Rxf6 26. Bg3 Bc7 27. Ne5 Nxe5 28. Bxe5 Rg6 29. Rg1 Kh8 30. Rad1 Rb8 31. Ne4 Bxe5 32. dxe5 Bd5 33. Nc3 Bb3 34. Rd6 Qc5 35. Qd2 h6 36. Re1 Kh7 37. Qd3 Bc4 38. Qe4 Rxb2 39. Nxa4 Bd5 0-1

[Event "GER-ch Net blitz sf"]
[Site "Playchess.com INT"]
[Date "2021.06.05"]
[Round "11"]
[White "Langrock, Hannes"]
[Black "Carow, Johannes"]
[Result "1-0"]
[WhiteElo "2263"]
[BlackElo "2431"]
[PlyCount "199"]
[EventDate "2021.06.05"]
[EventType "swiss (blitz)"]
[EventRounds "13"]
[EventCountry "GER"]
[SourceTitle "EXT 2023"]
[Source "ChessBase"]
[SourceDate "2022.10.05"]
[SourceVersion "1"]
[SourceVersionDate "2022.10.05"]
[SourceQuality "1"]

1. d4 Nf6 2. c4 g6 3. g3 Bg7 4. Bg2 d5 5. cxd5 Nxd5 6. e4 Nb6 7. Ne2 0-0 8. 0-0 c5 9. dxc5 Qxd1 10. Rxd1 Na4 11. Nbc3 Nxc5 12. Be3 Ne6 13. Nd5 Nc6 14. Rab1 Rd8 15. b4 Kf8 16. b5 Ne5 17. Rbc1 Bd7 18. a4 Be8 19. h3 Rdc8 20. Rxc8 Rxc8 21. Bxa7 Ra8 22. Be3 Rxa4 23. Nec3 Ra3 24. Bf1 Nf3+ 25. Kg2 Bxc3 26. Kxf3 Bd4 27. Rd3 Ra4 28. Nb6 Bxb6 29. Bxb6 Bxb5 30. Rd1 Bxf1 31. Rxf1 Ng5+ 32. Kf4 Rxe4+ 33. Kxg5 Kg7 34. f4 f6+ 35. Kg4 Rb4 36. Bc5 Re4 37. Kf3 Re6 38. Rb1 b6 39. Rxb6 Re1 40. Rb2 Rf1+ 41. Bf2 Kf7 42. Re2 Rb1 43. h4 h5 44. Bc5 Rb7 45. Re3 Rc7 46. Bd4 Rd7 47. Bc3 Rc7 48. Ke2 Rb7 49. Bd2 Rd7 50. Rd3 Rc7 51. Ke3 Rb7 52. Bc3 Rc7 53. Kf3 Rb7 54. Re3 Rc7 55. Bd2 Rb7 56. Ba5 Ra7 57. Bb4 Rb7 58. Ba3 Ra7 59. g4 hxg4+ 60. Kxg4 Rb7 61. f5 gxf5+ 62. Kxf5 e6+ 63. Kg4 Rb5 64. h5 Rg5+ 65. Kh4 Rg1 66. Rg3 Rh1+ 67. Kg4 Kg7 68. Bc5 Kh7 69. Be3 Rb1 70. h6 Rb4+ 71. Kf3 Rb7 72. Rg1 Rd7 73. Bf4 Rb7 74. Rd1 e5 75. Be3 f5 76. Bg5 Rb3+ 77. Kf2 Rb7 78. Rd6 Ra7 79. Re6 e4 80. Ke3 Rf7 81. Kf4 Kg8 82. Re5 Kh7 83. Rxf5 Rb7 84. Kxe4 Rb4+ 85. Kd5 Kg6 86. Re5 Rb5+ 87. Ke4 Rb4+ 88. Kd3 Rb7 89. Rd5 Rf7 90. Be3 Rh7 91. Rd6+ Kh5 92. Kd4 Re7 93. Bf4 Rf7 94. Ke4 Re7+ 95. Kf5 Rf7+ 96. Rf6 Rh7 97. Ke6 Rh8 98. Kf7 Kg4 99. Kg7 Rb8 100. h7 1-0

[Event "GER-ch Net blitz sf"]
[Site "Playchess.com INT"]
[Date "2021.06.05"]
[Round "5"]
[White "Promyshlyanskiy, Vitaliy"]
[Black "Carow, Johannes"]
[Result "0-1"]
[WhiteElo "2182"]
[BlackElo "2431"]
[PlyCount "62"]
[EventDate "2021.06.05"]
[EventType "swiss (blitz)"]
[EventRounds "13"]
[EventCountry "GER"]
[SourceTitle "EXT 2023"]
[Source "ChessBase"]
[SourceDate "2022.10.05"]
[SourceVersion "1"]
[SourceVersionDate "2022.10.05"]
[SourceQuality "1"]

1. e4 c5 2. Nc3 a6 3. g3 b5 4. Bg2 Bb7 5. d3 e6 6. Qe2 Nc6 7. f4 d5 8. Nf3 Nd4 9. Nxd4 cxd4 10. Nd1 dxe4 11. Bxe4 Bxe4 12. Qxe4 Rc8 13. c3 dxc3 14. bxc3 Nf6 15. Qe2 Nd5 16. f5 Bc5 17. d4 Be7 18. fxe6 0-0 19. 0-0 Bf6 20. Bd2 b4 21. cxb4 Bxd4+ 22. Ne3 Bxa1 23. exf7+ Rxf7 24. Rxf7 Kxf7 25. Qf3+ Nf6 26. Ng4 Qd4+ 27. Be3 Qxg4 28. Qb7+ Qd7 29. Qf3 Bd4 30. Kg2 Rc2+ 31. Bf2 Rxf2+ 0-1

[Event "GER-ch Net blitz qual3"]
[Site "Playchess.com INT"]
[Date "2021.05.07"]
[Round "11"]
[White "Carow, Johannes"]
[Black "Coenen, Michael"]
[Result "1-0"]
[WhiteElo "2411"]
[BlackElo "2365"]
[PlyCount "183"]
[EventDate "2021.05.07"]
[EventType "swiss (blitz)"]
[EventRounds "11"]
[EventCountry "GER"]
[SourceTitle "CBM 202 Extra"]
[Source "ChessBase"]
[SourceDate "2021.07.31"]
[SourceVersion "1"]
[SourceVersionDate "2021.07.31"]
[SourceQuality "1"]

1. d4 Nf6 2. c4 e6 3. Nc3 d5 4. cxd5 Nxd5 5. Nf3 c5 6. e3 cxd4 7. exd4 Be7 8. Bd3 h6 9. 0-0 0-0 10. Re1 Nd7 11. Nxd5 exd5 12. Qb3 Nf6 13. Bf4 Be6 14. Rac1 Bd6 15. Be5 Ne4 16. Re2 Qd7 17. Rec2 Rfc8 18. Bxd6 Nxd6 19. Ne5 Qe7 20. h3 Rxc2 21. Rxc2 Rc8 22. Rxc8+ Bxc8 23. Qxd5 Be6 24. Qa5 b6 25. Qa3 Qc7 26. Bf1 Nf5 27. Qd3 Qd6 28. Nf3 Ne7 29. a3 Bd5 30. Ne1 Nc6 31. Nc2 g6 32. g3 Be6 33. Bg2 Bf5 34. Qc3 Ne7 35. Ne3 Bd7 36. h4 h5 37. Qb4 Qf6 38. Qc3 Qd6 39. Nc4 Qc7 40. Ne5 Qxc3 41. bxc3 Be6 42. Nc6 Nc8 43. d5 Bd7 44. Nd4 Nd6 45. Bf1 Kf8 46. Bd3 Ke7 47. Kf1 Nb7 48. Bb5 Bxb5+ 49. Nxb5 a6 50. Nd4 Kd6 51. Ke2 Kxd5 52. Kd2 Kc4 53. Kc2 Nc5 54. f3 Na4 55. Ne2 b5 56. g4 Nb6 57. gxh5 gxh5 58. Nf4 Na4 59. Nxh5 Nxc3 60. Nf6 Ne2 61. h5 Nd4+ 62. Kb2 Nxf3 63. h6 Ne5 64. Ne8 Kc5 65. Kb3 a5 66. Nf6 Ng6 67. Nd7+ Kd6 68. Nb8 f5 69. Kc2 Kc7 70. Na6+ Kb6 71. Nb8 Kc5 72. Nd7+ Kd4 73. Kd2 b4 74. axb4 axb4 75. Kc2 f4 76. Nf6 f3 77. Ng4 Ke4 78. h7 Kf4 79. Nf2 Ke3 80. Nh3 Ke2 81. Nf4+ Nxf4 82. h8Q f2 83. Qe5+ Kf3 84. Qb5 Ne2 85. Qd3+ Kg2 86. Qxe2 Kg1 87. Qg4+ Kh2 88. Qf3 Kg1 89. Qg3+ Kf1 90. Kd2 b3 91. Ke3 b2 92. Qxf2# 1-0

[Event "GER-ch Net blitz qual3"]
[Site "Playchess.com INT"]
[Date "2021.05.07"]
[Round "8"]
[White "Carow, Johannes"]
[Black "Koelle, Tobias"]
[Result "1-0"]
[WhiteElo "2411"]
[BlackElo "2338"]
[PlyCount "77"]
[EventDate "2021.05.07"]
[EventType "swiss (blitz)"]
[EventRounds "11"]
[EventCountry "GER"]
[SourceTitle "CBM 202 Extra"]
[Source "ChessBase"]
[SourceDate "2021.07.31"]
[SourceVersion "1"]
[SourceVersionDate "2021.07.31"]
[SourceQuality "1"]

1. d4 Nf6 2. c4 e6 3. Nc3 Bb4 4. Qc2 0-0 5. a3 Bxc3+ 6. Qxc3 d5 7. e3 b6 8. cxd5 exd5 9. Nf3 Bb7 10. Be2 Nbd7 11. 0-0 c5 12. b3 Ne4 13. Qe1 Rc8 14. dxc5 Qf6 15. Ra2 bxc5 16. Bb2 Qb6 17. b4 c4 18. Bd4 Qd6 19. Qa1 f6 20. Bxa7 Ne5 21. Bd4 Rfe8 22. Rd1 c3 23. Rc1 Nxf3+ 24. gxf3 Ng5 25. Rxc3 Rxc3 26. Qxc3 Rc8 27. Bc5 Qe6 28. h4 Nh3+ 29. Kg2 d4 30. Qxd4 Bd5 31. Rd2 Bb3 32. Qg4 f5 33. Qxh3 Qf7 34. Qg3 h6 35. Rd6 Kh7 36. Bd3 Kh8 37. Bd4 Kg8 38. Bxf5 Rf8 39. Rg6 1-0

[Event "GER-ch Net blitz qual3"]
[Site "Playchess.com INT"]
[Date "2021.05.07"]
[Round "10"]
[White "Carow, Johannes"]
[Black "Meier, Georg"]
[Result "0-1"]
[WhiteElo "2411"]
[BlackElo "2617"]
[PlyCount "88"]
[EventDate "2021.05.07"]
[EventType "swiss (blitz)"]
[EventRounds "11"]
[EventCountry "GER"]
[SourceTitle "CBM 202 Extra"]
[Source "ChessBase"]
[SourceDate "2021.07.31"]
[SourceVersion "1"]
[SourceVersionDate "2021.07.31"]
[SourceQuality "1"]

1. d4 e6 2. c4 b6 3. e4 Bb4+ 4. Bd2 Bxd2+ 5. Qxd2 d5 6. Bd3 Ba6 7. Na3 dxc4 8. Bxc4 Bb7 9. f3 Nf6 10. Ne2 0-0 11. 0-0 Qe7 12. Rfd1 Nbd7 13. Qe3 Rfd8 14. Rac1 h6 15. Nb5 c5 16. dxc5 Nxc5 17. b4 Na6 18. a3 Ne8 19. Ned4 Nac7 20. Be2 a5 21. Qb3 axb4 22. axb4 Na6 23. Nc2 Qg5 24. Nbd4 Rd6 25. Ra1 Nec7 26. Bxa6 Nxa6 27. b5 Nc5 28. Rxa8+ Bxa8 29. Qe3 e5 30. Qxg5 hxg5 31. Ra1 Bxe4 32. fxe4 exd4 33. e5 Rd7 34. Kf1 d3 35. Ne3 Ne4 36. Ke1 d2+ 37. Kd1 Rd3 38. Ke2 Rb3 39. Kf3 Nc3 40. Kf2 Rxb5 41. Ra8+ Kh7 42. Rd8 Rxe5 43. Kf3 Rxe3+ 44. Kxe3 d1Q 0-1

[Event "GER-ch Net blitz qual3"]
[Site "Playchess.com INT"]
[Date "2021.05.07"]
[Round "3"]
[White "Hoppe, Thilo"]
[Black "Carow, Johannes"]
[Result "0-1"]
[WhiteElo "2041"]
[BlackElo "2411"]
[PlyCount "92"]
[EventDate "2021.05.07"]
[EventType "swiss (blitz)"]
[EventRounds "11"]
[EventCountry "GER"]
[SourceTitle "CBM 202 Extra"]
[Source "ChessBase"]
[SourceDate "2021.07.31"]
[SourceVersion "1"]
[SourceVersionDate "2021.07.31"]
[SourceQuality "1"]

1. d4 Nf6 2. c4 g6 3. Nc3 d5 4. Nf3 Bg7 5. Qb3 dxc4 6. Qxc4 0-0 7. e4 Na6 8. Be2 c5 9. d5 e6 10. 0-0 exd5 11. exd5 Re8 12. Be3 b6 13. a3 Nc7 14. Rad1 Ba6 15. Qb3 Bxe2 16. Nxe2 Nfxd5 17. Nf4 c4 18. Qxc4 Nxe3 19. fxe3 Qe7 20. Rde1 Rac8 21. Qb3 Ne6 22. Nd5 Qd8 23. Rd1 Nc5 24. Qa2 h6 25. b4 Ne4 26. Nd4 Qd7 27. b5 Kh7 28. Qb3 f5 29. Nc6 Nc5 30. Qa2 Qb7 31. h4 h5 32. Rd2 a6 33. a4 Re4 34. Rfd1 Rxa4 35. Qb1 axb5 36. Nde7 Rf8 37. Qxb5 Re4 38. Rb1 Rxe7 39. Nxe7 Qxe7 40. Qxb6 Qxe3+ 41. Rf2 Bd4 42. Rbf1 Qe7 43. Qc6 Bxf2+ 44. Rxf2 Ne4 45. Rf3 Rd8 46. Kh2 Qxh4+ 0-1

[Event "GER-ch Net blitz qual2"]
[Site "Playchess.com INT"]
[Date "2021.05.04"]
[Round "6"]
[White "Carow, Johannes"]
[Black "Schwierskott, Marc"]
[Result "1-0"]
[WhiteElo "2353"]
[BlackElo "2037"]
[PlyCount "51"]
[EventDate "2021.05.04"]
[EventType "swiss (blitz)"]
[EventRounds "11"]
[EventCountry "GER"]
[SourceTitle "CBM 202 Extra"]
[Source "ChessBase"]
[SourceDate "2021.07.31"]
[SourceVersion "1"]
[SourceVersionDate "2021.07.31"]
[SourceQuality "1"]

1. d4 g6 2. c4 Bg7 3. e4 Nc6 4. Be3 e5 5. Ne2 d6 6. Nbc3 Nh6 7. f3 f5 8. d5 Ne7 9. Qd2 Nf7 10. 0-0-0 0-0 11. Kb1 Bd7 12. c5 dxc5 13. Bxc5 Nd6 14. Nc1 Qb8 15. Nb3 b6 16. Be3 a5 17. Bd3 a4 18. Na1 b5 19. Ne2 b4 20. Nc2 b3 21. Na3 bxa2+ 22. Ka1 Qb3 23. Rc1 Nb5 24. Bxb5 Bxb5 25. Rc3 Qb4 26. Bc5 1-0